000 00414nam a2200181Ia 4500
001 7743
005 20260306160517.0
008 260306t2008||||xx |||||||||||||| ||spa||
041 _aESP
082 _a360
_bV. 21 2008 CTS
110 _aUnivesidad Complutense
245 0 _aCuadernos de trabajo social
260 _c2008
300 _a
_c24 cm.
650 _aGEN
654 _aCAN
942 _cREV
_dJUS
_fJUS
_2ddc
_n
999 _c7743
_d7743